[Event "IECC KO-1030"]
[White "Attardi, Ubaldo"]
[Black "Bottoni, Carlo"]
[Site "IECC email"]
[Round "?"]
[Result "0-1"]
[Date "2004.01.09"]
[WhiteElo "1180"]
[BlackElo "1144"]
[PlyCount "92"]
[EventDate "2003.??.??"]
[EventType "match (corr)"]
[EventRounds "2"]
[SourceTitle "Corr 2020"]
[Source "ChessBase"]
[SourceDate "2019.09.30"]
[SourceVersion "1"]
[SourceVersionDate "2019.09.30"]
[SourceQuality "1"]
[WhiteTeam "Belgium"]
[BlackTeam "Italy"]
[WhiteTeamCountry "BEL"]
[BlackTeamCountry "ITA"]

1. d4 Nf6 2. c4 d5 3. Nc3 dxc4 4. e3 Be6 5. Nf3 c6 6. Be2 b5 7. 0-0 Nbd7 8. a3 Qb8 9. Qc2 Qb7 10. e4 Rc8 11. Bf4 Ra8 12. e5 Nd5 13. Bg3 Nxc3 14. bxc3 f6 15. Qe4 Bd5 16. Qe3 e6 17. Rfe1 Qa6 18. Ra2 Kd8 19. exf6 gxf6 20. Nd2 b4 21. cxb4 Bxb4 22. Qf4 Rc8 23. Rc1 Bxd2 24. Qxd2 h5 25. Rac2 Qxa3 26. Bxc4 Bxc4 27. Rxc4 h4 28. Bf4 h3 29. Rxc6 Rxc6 30. Rxc6 Qb3 31. Bc7+ Ke7 32. Bd6+ Kf7 33. Rc7 Qb1+ 34. Rc1 Qb7 35. f3 Qd5 36. Qf4 Qa2 37. gxh3 Rg8+ 38. Kf1 Qg2+ 39. Ke1 Qg1+ 40. Kd2 Qf2+ 41. Kd3 Rg2 42. Qe3 Qb2 43. Qe1 e5 44. dxe5 fxe5 45. Bxe5 Nxe5+ 46. Ke3 Qb6+ 0-1

[Event "IECC CL7-2003.21 email"]
[White "Sferrazza, Giuseppe"]
[Black "Attardi, Ubaldo"]
[Site "IECC email"]
[Round "?"]
[Result "1-0"]
[Date "2003.09.17"]
[WhiteElo "1100"]
[BlackElo "1167"]
[PlyCount "37"]
[EventDate "2003.??.??"]
[EventType "tourn (corr)"]
[EventRounds "4"]
[SourceTitle "Corr 2008"]
[Source "ChessBase"]
[SourceDate "2008.06.24"]
[SourceVersion "1"]
[SourceVersionDate "2008.06.24"]
[SourceQuality "1"]

1. e4 e5 2. Nf3 Nc6 3. Bc4 Bc5 4. 0-0 d6 5. c3 Qf6 6. d3 h6 7. b4 Bb6 8. a4 a6 9. Be3 Ba7 10. h3 Nge7 11. Nbd2 0-0 12. Bxa7 Rxa7 13. Nh2 Ng6 14. Ng4 Bxg4 15. Qxg4 Qf4 16. Qe2 Nce7 17. g3 Qg5 18. Qe3 Qf6 19. Qxa7 1-0

[Event "IECC Swiss email"]
[White "Schalkwijk, Peter H"]
[Black "Attardi, Ubaldo"]
[Site "IECC email"]
[Round "?"]
[Result "1-0"]
[Date "2003.06.08"]
[WhiteElo "1661"]
[BlackElo "1146"]
[PlyCount "29"]
[EventDate "2003.??.??"]
[EventType "tourn (corr)"]
[EventRounds "6"]
[SourceTitle "Corr 2008"]
[Source "ChessBase"]
[SourceDate "2008.06.24"]
[SourceVersion "1"]
[SourceVersionDate "2008.06.24"]
[SourceQuality "1"]

1. e4 e5 2. Nf3 Nc6 3. d4 exd4 4. Bb5 Nf6 5. 0-0 a6 6. Ba4 b5 7. Bb3 d6 8. Ng5 Be6 9. Nxe6 fxe6 10. Bxe6 Qe7 11. Bd5 Qd7 12. Bg5 Be7 13. Bxf6 Bxf6 14. e5 dxe5 15. Qf3 1-0

[Event "IECC KO email"]
[White "Attardi, Ubaldo"]
[Black "Venturas, Bob"]
[Site "IECC email"]
[Round "?"]
[Result "1-0"]
[Date "2003.04.11"]
[WhiteElo "1117"]
[BlackElo "1061"]
[PlyCount "55"]
[EventDate "2003.??.??"]
[EventType "tourn (corr)"]
[EventRounds "6"]
[SourceTitle "Corr 2008"]
[Source "ChessBase"]
[SourceDate "2008.06.24"]
[SourceVersion "1"]
[SourceVersionDate "2008.06.24"]
[SourceQuality "1"]

1. d4 d5 2. c4 Nf6 3. Nc3 dxc4 4. e4 e6 5. Bxc4 Nc6 6. Nf3 Bb4 7. e5 Ne4 8. Qd3 Nc5 9. dxc5 Qxd3 10. Bxd3 Bxc5 11. 0-0 Nb4 12. Rd1 0-0 13. a3 Nd5 14. Ne4 Bb6 15. Bc4 Rd8 16. Bg5 Rd7 17. Rd2 h6 18. Bh4 Nf4 19. Rad1 Rxd2 20. Rxd2 Kh7 21. Bg3 g5 22. Bxf4 gxf4 23. Nf6+ Kg7 24. Rd8 h5 25. Rg8+ Kh6 26. Rh8+ Kg7 27. Rh7+ Kf8 28. Ng5 1-0

[Event "IECC CL7-2003.09 email"]
[White "Drexhage, Ulrich"]
[Black "Attardi, Ubaldo"]
[Site "IECC email"]
[Round "?"]
[Result "1/2-1/2"]
[Date "2003.03.31"]
[WhiteElo "1205"]
[BlackElo "1093"]
[PlyCount "40"]
[EventDate "2003.??.??"]
[EventType "tourn (corr)"]
[EventRounds "4"]
[SourceTitle "Corr 2008"]
[Source "ChessBase"]
[SourceDate "2008.06.24"]
[SourceVersion "1"]
[SourceVersionDate "2008.06.24"]
[SourceQuality "1"]

1. e4 e5 2. Nf3 Nf6 3. Nc3 Nc6 4. Bb5 Nd4 5. Ba4 Nxf3+ 6. Qxf3 Bc5 7. 0-0 0-0 8. h3 d6 9. d3 Bd7 10. Bg5 Bxa4 11. Nxa4 Bb6 12. Nxb6 axb6 13. Bxf6 Qxf6 14. Qxf6 gxf6 15. f4 Kh8 16. a3 Rg8 17. c4 Rg3 18. Rad1 Rag8 19. Rd2 Rxh3 20. fxe5 fxe5 1/2-1/2

[Event "IECC KO email"]
[White "Stanley, Bob"]
[Black "Attardi, Ubaldo"]
[Site "IECC email"]
[Round "?"]
[Result "1-0"]
[Date "2002.06.02"]
[WhiteElo "1898"]
[BlackElo "1156"]
[PlyCount "47"]
[EventDate "2002.??.??"]
[EventType "tourn (corr)"]
[EventRounds "6"]
[SourceTitle "Corr 2008"]
[Source "ChessBase"]
[SourceDate "2008.06.24"]
[SourceVersion "1"]
[SourceVersionDate "2008.06.24"]
[SourceQuality "1"]

1. e4 c5 2. Nf3 e6 3. d4 cxd4 4. Nxd4 a6 5. Bd3 Bc5 6. Nb3 Ba7 7. Nc3 Nc6 8. Qe2 d6 9. Be3 Nf6 10. f4 0-0 11. 0-0 b5 12. a3 Bb7 13. Bxa7 Nxa7 14. Rad1 d5 15. e5 Qb6+ 16. Kh1 Ne8 17. f5 Nc7 18. Qh5 Nc6 19. f6 g6 20. Qh6 Ne8 21. Bxg6 hxg6 22. Rf3 Ne7 23. Rh3 d4 24. Qh7# 1-0

[Event "IECC CL6-2002.15"]
[White "Attardi, Ubaldo"]
[Black "Leanza, Marco Antonio"]
[Site "IECC email"]
[Round "?"]
[Result "0-1"]
[Date "2002.04.22"]
[WhiteElo "1179"]
[BlackElo "1325"]
[PlyCount "64"]
[EventDate "2002.??.??"]
[EventType "tourn (corr)"]
[EventRounds "4"]
[SourceTitle "Corr 2008"]
[Source "ChessBase"]
[SourceDate "2008.06.24"]
[SourceVersion "1"]
[SourceVersionDate "2008.06.24"]
[SourceQuality "1"]

1. d4 Nf6 2. c4 e6 3. Nc3 d5 4. Nf3 c5 5. cxd5 Nxd5 6. e4 Nxc3 7. bxc3 cxd4 8. Qxd4 Bd7 9. a4 Nc6 10. Qd1 Qc7 11. Be2 Be7 12. 0-0 0-0 13. Bb2 Rfd8 14. Qb3 Na5 15. Qc2 Rac8 16. e5 Bc6 17. Nd4 Qxe5 18. Nf3 Qc7 19. Rfd1 Bd5 20. Bd3 h6 21. Nd4 a6 22. Bh7+ Kh8 23. Re1 Nc4 24. Be4 Nxb2 25. Bxd5 Rxd5 26. Qxb2 Rc5 27. Nf3 Bf6 28. Qa3 Bxc3 29. Rac1 Bxe1 30. Rxc5 Bxf2+ 31. Kxf2 Qxc5+ 32. Qxc5 Rxc5 0-1

[Event "IECC CL6-2002.15"]
[White "Attardi, Ubaldo"]
[Black "Ondo, Bob"]
[Site "IECC email"]
[Round "?"]
[Result "0-1"]
[Date "2002.04.22"]
[WhiteElo "1223"]
[BlackElo "1343"]
[PlyCount "62"]
[EventDate "2002.??.??"]
[EventType "tourn (corr)"]
[EventRounds "4"]
[SourceTitle "Corr 2008"]
[Source "ChessBase"]
[SourceDate "2008.06.24"]
[SourceVersion "1"]
[SourceVersionDate "2008.06.24"]
[SourceQuality "1"]

1. d4 d5 2. c4 dxc4 3. Nf3 c6 4. Nc3 b5 5. a3 Nf6 6. e4 Bg4 7. Be2 e6 8. 0-0 a5 9. Bg5 Be7 10. h3 Bh5 11. Qc2 Bxf3 12. Bxf3 Qxd4 13. Rad1 Qb6 14. Rd2 Nbd7 15. Rfd1 Ne5 16. Be2 0-0 17. Be3 Bc5 18. Bxc5 Qxc5 19. Rd4 Nd3 20. R4xd3 cxd3 21. Bxd3 Rfd8 22. Kh1 b4 23. e5 Qxe5 24. Ne4 Nxe4 25. Re1 Rxd3 26. Re2 Rad8 27. g3 Nxf2+ 28. Rxf2 Qxg3 29. Rg2 Rd1+ 30. Qxd1 Rxd1+ 31. Rg1 Qxg1# 0-1

[Event "IECC CL6-2002.15"]
[White "Gilliam, Domenic"]
[Black "Attardi, Ubaldo"]
[Site "IECC email"]
[Round "?"]
[Result "0-1"]
[Date "2002.04.22"]
[WhiteElo "1265"]
[BlackElo "1095"]
[PlyCount "22"]
[EventDate "2002.??.??"]
[EventType "tourn (corr)"]
[EventRounds "4"]
[SourceTitle "Corr 2008"]
[Source "ChessBase"]
[SourceDate "2008.06.24"]
[SourceVersion "1"]
[SourceVersionDate "2008.06.24"]
[SourceQuality "1"]

1. Nf3 d5 2. g3 Nf6 3. Bg2 Nbd7 4. d4 e6 5. Bf4 Be7 6. Nc3 0-0 7. 0-0 Nb6 8. b3 Bd6 9. Ne5 Bd7 10. Re1 Bb4 11. a3 Bxc3 0-1

[Event "IECC KO email"]
[White "Attardi, Ubaldo"]
[Black "Klutz, Joseph"]
[Site "IECC email"]
[Round "?"]
[Result "1/2-1/2"]
[Date "2002.02.15"]
[WhiteElo "1241"]
[BlackElo "1425"]
[PlyCount "68"]
[EventDate "2002.??.??"]
[EventType "tourn (corr)"]
[EventRounds "6"]
[SourceTitle "Corr 2008"]
[Source "ChessBase"]
[SourceDate "2008.06.24"]
[SourceVersion "1"]
[SourceVersionDate "2008.06.24"]
[SourceQuality "1"]

1. d4 Nc6 2. e4 e5 3. Nf3 exd4 4. Nxd4 Bc5 5. c3 Nge7 6. Bc4 Ne5 7. Qb3 d6 8. Bb5+ c6 9. Be2 0-0 10. Bg5 Qc7 11. Bxe7 Qxe7 12. Nd2 Be6 13. Nxe6 fxe6 14. Nf3 Nxf3+ 15. Bxf3 Rf7 16. 0-0 Raf8 17. Bg4 d5 18. exd5 exd5 19. h3 Rxf2 20. Rxf2 Bxf2+ 21. Kh1 Bb6 22. c4 dxc4 23. Qxc4+ Kh8 24. Rd1 Rd8 25. Rf1 Rf8 26. Rd1 Bc7 27. Qd4 Bb6 28. Qd3 Qf6 29. b3 h6 30. Qd7 Rd8 31. Qxb7 Rxd1+ 32. Bxd1 Qf1+ 33. Kh2 Qf4+ 34. Kh1 Qf1+ 1/2-1/2

[Event "IECC CL6-2001.38"]
[White "Main, David"]
[Black "Attardi, Ubaldo"]
[Site "IECC email"]
[Round "?"]
[Result "1-0"]
[Date "2001.12.25"]
[WhiteElo "1376"]
[BlackElo "1115"]
[PlyCount "47"]
[EventDate "2001.??.??"]
[EventType "tourn (corr)"]
[EventRounds "4"]
[SourceTitle "Corr 2008"]
[Source "ChessBase"]
[SourceDate "2008.06.24"]
[SourceVersion "1"]
[SourceVersionDate "2008.06.24"]
[SourceQuality "1"]

1. e4 e5 2. Nf3 Nc6 3. Bb5 d6 4. Bxc6+ bxc6 5. d4 Nf6 6. Bg5 Be7 7. Bxf6 Bxf6 8. dxe5 Bxe5 9. Nxe5 dxe5 10. Qxd8+ Kxd8 11. Nd2 f5 12. 0-0-0 fxe4 13. Nxe4+ Bd7 14. Nc5 Rf8 15. Nxd7 Ke7 16. Nxf8 Kxf8 17. Rd7 Rc8 18. Rhd1 Re8 19. Rxc7 e4 20. Rxa7 e3 21. fxe3 Rxe3 22. Rd8+ Re8 23. Rxe8+ Kxe8 24. Rxg7 1-0

[Event "IECC CL5-1999.24"]
[White "Attardi, Ubaldo"]
[Black "Hopf, Werner"]
[Site "IECC email"]
[Round "?"]
[Result "0-1"]
[Date "1999.10.05"]
[WhiteElo "1227"]
[BlackElo "1500"]
[PlyCount "60"]
[EventDate "1999.??.??"]
[EventType "tourn (corr)"]
[EventRounds "4"]
[SourceTitle "Corr 2008"]
[Source "ChessBase"]
[SourceDate "2008.06.24"]
[SourceVersion "1"]
[SourceVersionDate "2008.06.24"]
[SourceQuality "1"]

1. d4 Nf6 2. c4 e6 3. Nc3 Bb4 4. a3 Bxc3+ 5. bxc3 c5 6. Nf3 Nc6 7. e3 0-0 8. Bd3 d6 9. 0-0 e5 10. Qc2 Bg4 11. Ng5 h6 12. Ne4 Nxe4 13. Bxe4 Na5 14. Bd5 Bd7 15. Qg6 Bc6 16. Qg3 Nb3 17. e4 Nxa1 18. Bxh6 Qf6 19. Bg5 Qg6 20. Rxa1 Bxd5 21. cxd5 f6 22. Bh4 Qxe4 23. f3 Qe3+ 24. Kh1 cxd4 25. cxd4 Qxd4 26. Rc1 Rac8 27. Rb1 Qxd5 28. Qg6 Qc4 29. g3 Qc2 30. Rxb7 Qxg6 0-1

[Event "IECC CL5-1999.24"]
[White "Attardi, Ubaldo"]
[Black "Popp, Tony"]
[Site "IECC email"]
[Round "?"]
[Result "0-1"]
[Date "1999.10.05"]
[WhiteElo "1235"]
[BlackElo "1431"]
[PlyCount "64"]
[EventDate "1999.??.??"]
[EventType "tourn (corr)"]
[EventRounds "4"]
[SourceTitle "Corr 2008"]
[Source "ChessBase"]
[SourceDate "2008.06.24"]
[SourceVersion "1"]
[SourceVersionDate "2008.06.24"]
[SourceQuality "1"]

1. d4 d5 2. c4 c6 3. Nc3 e6 4. Nf3 Bb4 5. e3 Nf6 6. Bd3 0-0 7. 0-0 Nbd7 8. Ne5 Nxe5 9. dxe5 Nd7 10. Qc2 h6 11. f4 Nc5 12. Bh7+ Kh8 13. Rf3 f5 14. Bxf5 exf5 15. cxd5 Bxc3 16. bxc3 cxd5 17. Ba3 b6 18. Rd1 Bb7 19. c4 d4 20. Rxd4 Be4 21. Qf2 Qc7 22. Rh3 Rfd8 23. Bb2 Nd3 24. Qe2 Rxd4 25. Bxd4 Qxc4 26. Qd1 Qxa2 27. Rg3 Rc8 28. e6 Rc1 29. Bxg7+ Kh7 30. Qxc1 Nxc1 31. Kh1 Ne2 32. Rh3 Qb1# 0-1

[Event "IECC Swiss email"]
[White "Attardi, Ubaldo"]
[Black "Gumminger, Fred"]
[Site "IECC email"]
[Round "?"]
[Result "1-0"]
[Date "1999.09.19"]
[WhiteElo "1245"]
[BlackElo "955"]
[PlyCount "73"]
[EventDate "1999.??.??"]
[EventType "tourn (corr)"]
[EventRounds "6"]
[SourceTitle "Corr 2008"]
[Source "ChessBase"]
[SourceDate "2008.06.24"]
[SourceVersion "1"]
[SourceVersionDate "2008.06.24"]
[SourceQuality "1"]

1. d4 Nf6 2. c4 g6 3. Nf3 d6 4. Nc3 Bg7 5. Bg5 0-0 6. e3 c5 7. Bd3 Qb6 8. 0-0 Bd7 9. Qc2 Nc6 10. Bxf6 Nb4 11. Qd2 exf6 12. a3 Nxd3 13. Qxd3 Bc6 14. Nd5 Bxd5 15. cxd5 Rac8 16. b3 Rc7 17. dxc5 Rxc5 18. Rac1 Rfc8 19. Rxc5 Rxc5 20. b4 Rc7 21. e4 Bh6 22. Qb1 Rc3 23. a4 Be3 24. fxe3 Qxe3+ 25. Kh1 Rb3 26. Qe1 Qxe1 27. Rxe1 Rxb4 28. Ra1 Rxe4 29. h3 Re3 30. Nd4 a6 31. Nc2 Re5 32. Rd1 b5 33. axb5 a5 34. b6 a4 35. b7 Re8 36. Rb1 Rb8 37. Rb6 1-0

[Event "IECC CL5-1999.23"]
[White "Attardi, Ubaldo"]
[Black "Assarsjo, Ingemar"]
[Site "IECC email"]
[Round "?"]
[Result "0-1"]
[Date "1999.09.13"]
[WhiteElo "1296"]
[BlackElo "1470"]
[PlyCount "68"]
[EventDate "1999.??.??"]
[EventType "tourn (corr)"]
[EventRounds "4"]
[SourceTitle "Corr 2008"]
[Source "ChessBase"]
[SourceDate "2008.06.24"]
[SourceVersion "1"]
[SourceVersionDate "2008.06.24"]
[SourceQuality "1"]

1. d4 d5 2. Nc3 Nf6 3. Nf3 Bf5 4. Bf4 e6 5. e3 Bb4 6. Bb5+ c6 7. Bd3 Qa5 8. 0-0 Bxc3 9. bxc3 Qxc3 10. Rb1 b6 11. Bxf5 exf5 12. Be5 Nbd7 13. Qe2 Qa5 14. c4 0-0 15. cxd5 Nxd5 16. Rfc1 Nc3 17. Rxc3 Qxc3 18. a4 Nxe5 19. Nxe5 f4 20. Nd7 Rfe8 21. Qg4 Qc2 22. Rf1 Re6 23. Ne5 Qxa4 24. Qxf4 f6 25. Ng4 h5 26. Qf5 Rae8 27. Qxh5 Qc2 28. f4 Qh7 29. Qxh7+ Kxh7 30. h4 a5 31. h5 a4 32. h6 gxh6 33. Rf3 a3 34. Rh3 f5 0-1

[Event "IECC M email"]
[White "Schvaneveldt, Steve"]
[Black "Attardi, Ubaldo"]
[Site "IECC email"]
[Round "?"]
[Result "1-0"]
[Date "1999.09.03"]
[WhiteElo "1352"]
[BlackElo "1337"]
[PlyCount "57"]
[EventDate "1999.??.??"]
[EventType "tourn (corr)"]
[EventRounds "6"]
[SourceTitle "Corr 2008"]
[Source "ChessBase"]
[SourceDate "2008.06.24"]
[SourceVersion "1"]
[SourceVersionDate "2008.06.24"]
[SourceQuality "1"]

1. e4 e5 2. Nf3 Nc6 3. Bb5 d6 4. d4 exd4 5. Nxd4 Bd7 6. Nxc6 Bxc6 7. Bxc6+ bxc6 8. 0-0 Nf6 9. Nc3 Be7 10. Bf4 0-0 11. e5 dxe5 12. Bxe5 Qxd1 13. Raxd1 Ne8 14. Rd7 Bd6 15. Re1 Rb8 16. Bxd6 cxd6 17. b3 c5 18. Rxa7 Nf6 19. Rd1 Rbd8 20. Nd5 Nxd5 21. Rxd5 Rfe8 22. Kf1 g6 23. a4 Re5 24. Rxe5 dxe5 25. Rc7 Rd5 26. Ke2 e4 27. a5 c4 28. b4 Rd4 29. c3 1-0

[Event "IECC CL5-1999.21"]
[White "Cobb, Carl"]
[Black "Attardi, Ubaldo"]
[Site "IECC email"]
[Round "?"]
[Result "1-0"]
[Date "1999.08.13"]
[WhiteElo "1502"]
[BlackElo "1322"]
[PlyCount "67"]
[EventDate "1999.??.??"]
[EventType "tourn (corr)"]
[EventRounds "4"]
[SourceTitle "Corr 2008"]
[Source "ChessBase"]
[SourceDate "2008.06.24"]
[SourceVersion "1"]
[SourceVersionDate "2008.06.24"]
[SourceQuality "1"]

1. c4 Nf6 2. Nc3 e5 3. d3 d6 4. g3 Be7 5. Bg2 0-0 6. Nf3 Nc6 7. 0-0 Bg4 8. a3 Re8 9. Bg5 Bxf3 10. Bxf3 h6 11. Bxf6 Bxf6 12. e3 Ne7 13. Ne4 Ng6 14. Nxf6+ Qxf6 15. b4 c6 16. b5 e4 17. Bxe4 d5 18. cxd5 cxb5 19. Bg2 Rac8 20. d4 h5 21. Rc1 h4 22. Rxc8 Rxc8 23. Qb3 a6 24. a4 hxg3 25. fxg3 Qd6 26. axb5 Qb6 27. d6 Qxd6 28. Qxf7+ Kh8 29. Rf5 Nf8 30. Rh5+ Nh7 31. Be4 Rc1+ 32. Kg2 Rc2+ 33. Bxc2 Qd8 34. Rxh7# 1-0

[Event "IECC KO email"]
[White "Pascute, Bruce"]
[Black "Attardi, Ubaldo"]
[Site "IECC email"]
[Round "?"]
[Result "1-0"]
[Date "1999.08.01"]
[WhiteElo "1332"]
[BlackElo "1425"]
[PlyCount "55"]
[EventDate "1999.??.??"]
[EventType "tourn (corr)"]
[EventRounds "6"]
[SourceTitle "Corr 2008"]
[Source "ChessBase"]
[SourceDate "2008.06.24"]
[SourceVersion "1"]
[SourceVersionDate "2008.06.24"]
[SourceQuality "1"]

1. e4 e5 2. Nf3 Nc6 3. Bb5 Nf6 4. 0-0 Bc5 5. c3 0-0 6. d4 exd4 7. Bxc6 dxc6 8. cxd4 Bb6 9. e5 Nd5 10. Bg5 f6 11. exf6 Nxf6 12. Re1 Bf5 13. Nc3 Qd6 14. Rc1 Ng4 15. Be7 Qh6 16. Bxf8 Rxf8 17. h3 Nf6 18. Ne5 Nh5 19. g4 Qg5 20. Ne2 Qh4 21. Qb3+ Kh8 22. Nf7+ Rxf7 23. Qxf7 Nf6 24. Qf8+ Ng8 25. Qxf5 Qxh3 26. f3 h5 27. Qxh5+ Qxh5 28. gxh5 1-0

[Event "IECC KO email"]
[White "Attardi, Ubaldo"]
[Black "Hakuc, Waclaw"]
[Site "IECC email"]
[Round "?"]
[Result "0-1"]
[Date "1999.07.27"]
[WhiteElo "1469"]
[BlackElo "1802"]
[PlyCount "36"]
[EventDate "1999.??.??"]
[EventType "tourn (corr)"]
[EventRounds "6"]
[SourceTitle "Corr 2008"]
[Source "ChessBase"]
[SourceDate "2008.06.24"]
[SourceVersion "1"]
[SourceVersionDate "2008.06.24"]
[SourceQuality "1"]

1. d4 d5 2. c4 dxc4 3. e4 b5 4. a4 Bb7 5. d5 c6 6. axb5 cxd5 7. exd5 Qxd5 8. Qg4 Nf6 9. Qf4 Ne4 10. Ra4 e5 11. Qg4 Bb4+ 12. Rxb4 Qc5 13. Rxc4 Qxf2+ 14. Kd1 Qxf1+ 15. Kc2 Qxc4+ 16. Nc3 f6 17. Be3 Nd6 18. Nf3 Qxg4 0-1